Nová mekka turistiky v Stredomorí
Turistické možnosti v Tunisku. Predpoklady na rozvoj turistického ruchu v netradičnej severoafrickej krajine. Najväčšia atrakcia - púšť Sahara.
Gespeichert in:
| 1. Verfasser: | |
|---|---|
| Format: | Buchkapitel |
| Sprache: | Slowakisch |
| Schlagworte: | |
| Tags: |
Keine Tags, Fügen Sie das erste Tag hinzu!
|
MARC
| LEADER | 00000naa a2200000 4500 | ||
|---|---|---|---|
| 001 | r026050 | ||
| 005 | 20230824090411.8 | ||
| 041 | 0 | |a slo | |
| 044 | |a SK | ||
| 245 | 1 | 0 | |a Nová mekka turistiky v Stredomorí |c R. Baťo |
| 520 | |a Turistické možnosti v Tunisku. Predpoklady na rozvoj turistického ruchu v netradičnej severoafrickej krajine. Najväčšia atrakcia - púšť Sahara. | ||
| 610 | 2 | 0 | |a Tunisko |
| 610 | 2 | 0 | |a Stredozemné more |
| 610 | 2 | 0 | |a Sahara |
| 610 | 2 | 0 | |a turistika |
| 100 | 1 | |a Baťo, R. | |